[Event "Olympiad-44"]
[Site "Chennai"]
[Date "2022.08.05"]
[Round "7.2"]
[White "Rocha, Maximiliano"]
[Black "Anhwere, Benard"]
[Result "1-0"]
[WhiteElo "2117"]
[BlackElo "1890"]
[PlyCount "85"]
[EventDate "2022.07.29"]
[EventType "team-swiss"]
[EventRounds "11"]
[EventCountry "IND"]
[SourceTitle "CBM 210"]
[Source "ChessBase"]
[SourceDate "2022.10.31"]
[SourceVersion "1"]
[SourceVersionDate "2022.10.31"]
[SourceQuality "1"]
[WhiteTeam "Nicaragua"]
[BlackTeam "Ghana"]
[WhiteTeamCountry "NCA"]
[BlackTeamCountry "GHA"]

1. e4 c5 2. Nf3 d6 3. Bc4 e6 4. 0-0 Nf6 5. d3 Be7 6. Re1 0-0 7. Bb3 Nc6 8. c3 e5 9. h3 b5 10. Bg5 Rb8 11. Nbd2 a5 12. Nf1 a4 13. Bc2 Be6 14. d4 exd4 15. cxd4 Nb4 16. Bb1 d5 17. Bxf6 Bxf6 18. e5 Be7 19. dxc5 Bxc5 20. a3 Na6 21. Ne3 Qd7 22. Ng5 g6 23. Ba2 Rfd8 24. Qf3 Be7 25. Qf4 Kg7 26. Rad1 Nc7 27. h4 h6 28. Ne4 b4 29. Nf6 Bxf6 30. Qxf6+ Kh7 31. h5 Qe8 32. Rc1 Rd7 33. Bb1 Rb6 34. Rxc7 Rxc7 35. Nxd5 Bxd5 36. Qxb6 Rc6 37. Qxb4 Qe6 38. hxg6+ fxg6 39. Qxa4 h5 40. Qh4 Kh6 41. f4 Kg7 42. Qg5 Kf7 43. f5 1-0

[Event "Olympiad-44"]
[Site "Chennai"]
[Date "2022.08.01"]
[Round "4.2"]
[White "Anhwere, Benard"]
[Black "Zambrana, Oswaldo"]
[Result "0-1"]
[WhiteElo "1890"]
[BlackElo "2417"]
[PlyCount "100"]
[EventDate "2022.07.29"]
[EventType "team-swiss"]
[EventRounds "11"]
[EventCountry "IND"]
[SourceTitle "CBM 210"]
[Source "ChessBase"]
[SourceDate "2022.10.31"]
[SourceVersion "1"]
[SourceVersionDate "2022.10.31"]
[SourceQuality "1"]
[WhiteTeam "Ghana"]
[BlackTeam "Bolivia"]
[WhiteTeamCountry "GHA"]
[BlackTeamCountry "BOL"]

1. d4 Nf6 2. Nf3 e6 3. g3 d5 4. c4 Be7 5. Bg2 0-0 6. 0-0 dxc4 7. Qc2 a6 8. Qxc4 b5 9. Qc2 Bb7 10. Bf4 Bd6 11. Bxd6 cxd6 12. Nbd2 Nbd7 13. Rac1 Qb6 14. e4 Rac8 15. Qd3 Rfd8 16. Rfe1 h6 17. Qe2 e5 18. d5 Qa5 19. a3 Qa4 20. Qe3 b4 21. b3 Qa5 22. Nc4 Qc5 23. Qxc5 Nxc5 24. Na5 Nd3 25. Rxc8 Rxc8 26. Rd1 bxa3 27. Nc4 Nb2 28. Ra1 Nxc4 29. bxc4 Rxc4 30. Nd2 Rc3 31. Bf1 g5 32. Ra2 a5 33. Kg2 Nxd5 34. Nb1 Rc1 35. Nxa3 Nc3 36. Rb2 Bxe4+ 37. f3 Bxf3+ 38. Kxf3 Rxf1+ 39. Kg2 Ra1 40. Nc4 a4 41. Rb8+ Kg7 42. Nxd6 a3 43. Nf5+ Kf6 44. g4 e4 45. Rc8 Ra2+ 46. Kh3 Nd5 47. Rc6+ Ke5 48. Rc5 Rd2 49. Ra5 Kf4 50. Rxa3 Rd3+ 0-1

[Event "Francophonie-chT Rapid"]
[Site "Tornelo INT"]
[Date "2022.06.05"]
[Round "10.11"]
[White "Anhwere, Benard"]
[Black "Velonara, Roussel"]
[Result "0-1"]
[WhiteElo "1890"]
[BlackElo "1759"]
[PlyCount "62"]
[EventDate "2022.06.04"]
[EventType "team-swiss (rapid)"]
[EventRounds "11"]
[EventCountry "FRA"]
[SourceTitle "CBM 208 Extra"]
[Source "ChessBase"]
[SourceDate "2022.07.31"]
[SourceVersion "1"]
[SourceVersionDate "2022.07.31"]
[SourceQuality "1"]
[WhiteTeam "Ghana"]
[BlackTeam "Madagascar II"]
[WhiteTeamCountry "GHA"]
[BlackTeamCountry "MAD"]

1. d4 d5 2. c4 e6 3. Nc3 Nf6 4. cxd5 exd5 5. Bg5 Be7 6. e3 0-0 7. Bd3 h6 8. Bh4 b6 9. Nge2 c5 10. 0-0 Bg4 11. dxc5 bxc5 12. Bxf6 Bxf6 13. Nxd5 Nd7 14. Nxf6+ Qxf6 15. Qc2 Rae8 16. Ng3 Ne5 17. Bf5 h5 18. Bxg4 hxg4 19. Qxc5 Re6 20. Rfd1 Rfe8 21. Rd6 Rxd6 22. Ne4 Qf5 23. Qxd6 Qxe4 24. Rd1 Re6 25. Qb8+ Kh7 26. Qxa7 Rd6 27. Rf1 Nf3+ 28. gxf3 gxf3 29. Kh1 Qg4 30. Rg1 Qxg1+ 31. Kxg1 Rd1# 0-1

[Event "Francophonie-chT Rapid"]
[Site "Tornelo INT"]
[Date "2022.06.04"]
[Round "5.8"]
[White "Anhwere, Benard"]
[Black "Botsoe, Koffi"]
[Result "0-1"]
[WhiteElo "1890"]
[BlackElo "1629"]
[PlyCount "102"]
[EventDate "2022.06.04"]
[EventType "team-swiss (rapid)"]
[EventRounds "11"]
[EventCountry "FRA"]
[SourceTitle "CBM 208 Extra"]
[Source "ChessBase"]
[SourceDate "2022.07.31"]
[SourceVersion "1"]
[SourceVersionDate "2022.07.31"]
[SourceQuality "1"]
[WhiteTeam "Ghana"]
[BlackTeam "Togo II"]
[WhiteTeamCountry "GHA"]
[BlackTeamCountry "TOG"]

1. d4 Nf6 2. c4 e5 3. dxe5 Ng4 4. Nf3 Nc6 5. e3 Ngxe5 6. Be2 Bb4+ 7. Bd2 Qe7 8. 0-0 Bxd2 9. Nbxd2 0-0 10. a3 d6 11. b4 Be6 12. Nd4 Nxd4 13. exd4 Ng6 14. Bf3 Rab8 15. Re1 Qg5 16. Ne4 Qf4 17. g3 Qh6 18. d5 Bd7 19. h4 Ne5 20. Be2 Qg6 21. Ng5 h6 22. Nf3 f6 23. Nxe5 fxe5 24. Bd3 Qf6 25. Qc2 Qf3 26. Re3 Qg4 27. Be2 Qf5 28. Qxf5 Bxf5 29. Rc1 Rbe8 30. c5 Re7 31. cxd6 cxd6 32. Rec3 Ref7 33. Rc7 Be4 34. Rxf7 Rxf7 35. Rc8+ Kh7 36. Rd8 Rf6 37. Bc4 a6 38. a4 b5 39. axb5 axb5 40. Ba2 Bd3 41. Kg2 e4 42. Re8 Kg6 43. Bb3 Kf7 44. Rc8 g5 45. hxg5 hxg5 46. Bd1 Bc4 47. Bh5+ Ke7 48. Rc7+ Kd8 49. Rb7 e3 50. Rb8+ Kc7 51. Re8 exf2 0-1

[Event "Online Olym Div4 D"]
[Site "Chess.com INT"]
[Date "2020.08.01"]
[Round "6.4"]
[White "Tchouka, Yakini"]
[Black "Anhwere, Benard"]
[Result "0-1"]
[WhiteElo "1591"]
[BlackElo "1863"]
[PlyCount "48"]
[EventDate "2020.07.31"]
[EventType "team-tourn (rapid)"]
[EventRounds "9"]
[EventCountry "USA"]
[SourceTitle "CBM 198"]
[Source "ChessBase"]
[SourceDate "2020.10.31"]
[SourceVersion "1"]
[SourceVersionDate "2020.10.31"]
[SourceQuality "1"]
[WhiteTeam "Togo"]
[BlackTeam "Ghana"]
[WhiteTeamCountry "TOG"]
[BlackTeamCountry "GHA"]

1. d4 d5 2. c4 e6 3. Nc3 c6 4. Nf3 Nf6 5. Bg5 Bb4 6. a3 Bxc3+ 7. bxc3 Qa5 8. Bd2 dxc4 9. Ne5 b5 10. a4 Qb6 11. g3 Nbd7 12. Nxd7 Bxd7 13. Bg2 Rc8 14. axb5 cxb5 15. 0-0 0-0 16. Bg5 Nd5 17. Qc1 f6 18. e4 Nxc3 19. Qxc3 fxg5 20. Rfb1 e5 21. Rd1 b4 22. Qe3 c3 23. dxe5 Qxe3 24. fxe3 c2 0-1

[Event "Dreamfort Strongbow op 2nd"]
[Site "Dreamfort"]
[Date "2017.07.30"]
[Round "6"]
[White "Anhwere, Benard"]
[Black "Mills Pappoe, Benjamin Adoayi"]
[Result "1/2-1/2"]
[WhiteElo "1838"]
[BlackElo "1648"]
[PlyCount "75"]
[EventDate "2017.07.28"]
[EventType "swiss"]
[EventRounds "7"]
[EventCountry "GHA"]
[SourceTitle "EXT 2020"]
[Source "ChessBase"]
[SourceDate "2019.10.17"]
[SourceVersion "1"]
[SourceVersionDate "2019.10.17"]
[SourceQuality "1"]

1. e4 c5 2. Nf3 d6 3. d4 cxd4 4. Nxd4 Nf6 5. Nc3 e6 6. Bb5+ Bd7 7. 0-0 Be7 8. Be3 0-0 9. f4 Nc6 10. Bxc6 Bxc6 11. e5 Nd5 12. Nxd5 Bxd5 13. b3 dxe5 14. fxe5 Bg5 15. Qe2 a6 16. c4 Bc6 17. Rad1 Bxe3+ 18. Qxe3 Qb6 19. Qf4 Rad8 20. Kh1 Rd7 21. Nxc6 Qxc6 22. Rd6 Qc8 23. Rfd1 Rfd8 24. R1d3 h6 25. Qd2 Rxd6 26. Rxd6 Rxd6 27. exd6 Qd7 28. c5 Kf8 29. Qa5 e5 30. Kg1 f5 31. Qb4 Qb5 32. Qc3 Qe2 33. h3 Qe4 34. b4 Qb1+ 35. Kh2 Qe4 36. a4 Qf4+ 37. Kg1 Ke8 38. Qb3 1/2-1/2

[Event "GHA-ch"]
[Site "Accra"]
[Date "2015.12.18"]
[Round "4"]
[White "Sekyere, Kwame Frimpong"]
[Black "Anhwere, Benard"]
[Result "1-0"]
[WhiteElo "1861"]
[BlackElo "1843"]
[PlyCount "76"]
[EventDate "2015.12.16"]
[EventType "tourn"]
[EventRounds "9"]
[EventCountry "GHA"]
[SourceTitle "CBM 170 Extra"]
[Source "ChessBase"]
[SourceDate "2016.02.25"]
[SourceVersion "1"]
[SourceVersionDate "2016.02.25"]
[SourceQuality "1"]

1. e4 c5 2. Nf3 Nc6 3. d4 cxd4 4. Nxd4 e5 5. Nb5 d6 6. N1c3 a6 7. Na3 Nf6 8. Bg5 Be7 9. Nc4 b5 10. Bxf6 gxf6 11. Ne3 Be6 12. Ncd5 0-0 13. c3 Kh8 14. Qh5 b4 15. Bd3 bxc3 16. bxc3 Rg8 17. 0-0 a5 18. Rab1 Rb8 19. Rxb8 Qxb8 20. Rb1 Qa7 21. Qf3 Rg6 22. Rb6 Bxd5 23. Nxd5 Nd8 24. Ba6 Ne6 25. Nxe7 Qxe7 26. Bf1 Qc7 27. Ra6 Nc5 28. Ra8+ Kg7 29. Bc4 Na4 30. Bb3 Nxc3 31. Qe3 Nb5 32. h4 Nd4 33. h5 Rg5 34. h6+ Kxh6 35. Bd1 Kg7 36. Kh2 Rg6 37. Bh5 Rg5 38. g4 f5 1-0